A teremtvények arca. {Fata creaturilor}. [The face of creation's]
Elmentve itt :
| Szerző: | |
|---|---|
| Adatforrás: | Meister |
| Forrásdokumentuma: | Helikon. - 2002. 6, 151-152. |
| Nyelv: | magyar |
| Kulcsszavak: | ankét ancheta inquiry |
| LEADER | 00405nab a2200145 i 4500 | ||
|---|---|---|---|
| 001 | bibPRO00010716 | ||
| 008 | 080908s2002 xx hun | ||
| 040 | |a Sz1 | ||
| 041 | |a hun | ||
| 100 | 1 | |a BALÁZS Imre József | |
| 245 | 1 | 2 | |a A teremtvények arca. {Fata creaturilor}. [The face of creation's] |c BALÁZS Imre József |
| 695 | |a ankét | ||
| 695 | |a ancheta | ||
| 695 | |a inquiry | ||
| 773 | 0 | |t Helikon. - |g 2002. 6, 151-152. | |